000 00469nam a2200169Ia 4500
003 GCL
008 140319s9999 xx 000 0 eng d
040 _aGCL /
_cGCL
082 0 4 _a616.07
_bC P
100 1 _aCOBB, TYSON K.
245 1 0 _aPHYSICAL DIAGNOSIS: PRETESTN SELF ASSESSMENT AND REVIEW /
_cCOBB, TYSON K.
700 1 _aMOTYCKA. THOMAS J.
260 _a[S.N] :
_bMC GRAW - HILL ،
_c1991
300 _a161 P
650 0 4 _aPHYSICAL DIAGNOSIS
942 _2ddc
_cBK
999 _c20870
_d20870